000 00350 a2200145 4500
999 _c6657
_d6657
020 _a0798638265
050 _aPL8771 SIG 1995
100 _aSigogo, Emelina
245 _aHo Felwa Nnyi?
_cEmelina Sigogo
264 _aPretoria:
_bKagiso;
_c1995
300 _a141p. ;
500 _aVenda
650 _aVenda Literature
942 _2lcc
_cBK
_h8771
_iSIG
_kPL